000 00592nam a2200193Ia 4500
005 20250508170131.0
008 008 250505s9999 xx 000 0 eng d
037 _aTheses
040 _aFEDL
_beng
_cFEDL
041 _aeng
_2eng
084 _a420.7, SET/TH
_qFEDL
100 _aSeth Nidhi
_9779589
245 0 _aRole of english textbooks in promoting respect for diversity among secondary school students
260 _c2021
300 _axvii, 321p.
546 _aPh.D Thesis (Delhi University); C D Included
942 _cTH
_h420.7, SET/TH
999 _c1399380
_d1399380